| 000 | 00901nam a22002537a 4500 | ||
|---|---|---|---|
| 001 | BRCA_9321 | ||
| 003 | FranzMayer | ||
| 005 | 20230918115936.0 | ||
| 008 | 230823b |||||||| |||| 00| 0 eng d | ||
| 020 | _a9518952302 | ||
| 040 |
_aMFM _besp _cMFM |
||
| 050 | 0 |
_aNK511.5.E85 _bK39 1994 |
|
| 110 |
_aSuomen Lasimuseo _bKäyttölasia _929095 |
||
| 240 |
_aEuropean Glass in Use _lInglés/Fines |
||
| 245 | 0 | _aEuropean Glass in Use | |
| 260 |
_aFinlandia _bSuomen Lasimuseo _c1994 |
||
| 300 |
_a213 p. _bIlustraciones a color _c21 cm |
||
| 500 | _aAnexo 1 | ||
| 505 | _aTexto en: inglés y fines Incluye índice temáticoDirigido a: artistas, museógrafos y diseñadores de interiores | ||
| 650 | 1 |
_2Artes decorativas _aOrnamentación y decoración _vVidrio _929096 |
|
| 651 | 2 |
_2Historia del arte _aSiglo XIX _vArte europeo _929097 |
|
| 700 | 1 |
_4Ed. _aKoivisto, Kaisa _929098 |
|
| 942 |
_2lcc _cB |
||
| 999 |
_c10943 _d10943 |
||